Quizzes
Events
Quiz Creation
Community
Videos
Private Events
Remove Ads
Sign In
Join for FREE
Feedback
Dark Mode
Quiz Categories
Sports
Geography
Music
Movies
Television
Just For Fun
Miscellaneous
History
Literature
Language
Science
Gaming
Entertainment
Religion
Holiday
For Kids
Quiz Lab
Recent
Popular Today
Quiz Kudos Today
Editor Picks
Curator Picks
Quizzes by...
Day
Popularity
Type
Ratings
Length
Year
Community
Subscriptions
Recent Discussions
Orange Saloon
Badges
Playlists
Quests
Create
Leaderboards
Showdown
Live 5
Trivia Bingo
Activity
Puzzle Library
Sporcle Events
Private Events
Virtual Trivia
Globe League
Become a Host
Pub Owners
SporcleCon
Opinionation
Our Games
Videos
Blog
Mobile Apps
Partnerships
Remove Ads and Go Orange
Feedback
Sports
Athletes
MLB
NBA
NHL
NFL
Soccer
Sports Teams
WWE
NCAA
Football
Premier League
Basketball
Baseball
Hockey
Golf
Tennis
Cricket
Rugby
Auto Racing
Olympics
World Cup
Sports
Athletes
MLB
NBA
NHL
NFL
Soccer
Sports Teams
WWE
NCAA
Football
Premier League
Basketball
Baseball
Hockey
Golf
Tennis
Cricket
Rugby
Auto Racing
Olympics
World Cup
Random Quiz
Search Sporcle
×
Quiz Lab
Quiz Lab
Sports
New Jersey Devils
Type in answers that appear in a list
Type in answers that appear in a list
Classic
Best Score? Go Orange.
2012-2013 New Jersey Devils Stats
Can you name the 2012-2013 New Jersey Devils?
By
Bscone1113
10m
33 Questions
64 Plays
64 Plays
64 Plays
Comments
Comments
Give Quiz Kudos
Give Quiz Kudos
-
- Ratings
hide this ad
Replay
Link that replays current quiz
Next Quiz
Link to next quiz in quiz playlist
You Got
0%
They Got
Avg Score
62%
Avg Friend Score
Upgrade to see
Score Distribution
Jump to the score distribution portion of the page
Score
0/33
Timer
10:00
0
Plays Today
Hint
Answer
% Correct
30
Martin Brodeur
93.8%
6
Andy Greene
92.2%
17
Ilya Kovalchuk
90.6%
26
Patrik Elias
90.6%
19
Travis Zajac
89.1%
1
Johan hedberg
87.5%
14
Adam Henrique
85.9%
24
Bryce Salvador
85.9%
5
Adam Larsson
84.4%
8
Dainius Zubrus
84.4%
11
Stephen Gionta
79.7%
9
Jacob Josefson
78.1%
2
Marek Zidlicky
76.6%
18
Steve Bernier
76.6%
28
Anton Volchenkov
75%
29
Mark Fayne
75%
21
Mattias Tedenby
71.9%
Hint
Answer
% Correct
20
Ryan Carter
70.3%
23
David Clarkson
70.3%
7
Henrik Tallinder
62.5%
25
Cam Janssen
57.8%
12
Alexei Ponikarovsky
53.1%
35
Keith Kinkaid
50%
10
Peter Harrold
46.9%
21
Andrei Loktionov
45.3%
33
Alexander Urbom
34.4%
15
Stefan Matteau
31.3%
9
Bobby Butler
28.1%
15
Steve Sullivan
23.4%
16
Matt D'agostini
23.4%
22
Krys Barch
23.4%
25
Tom Kostopoulos
20.3%
31
Jeff Frazee
20.3%
Quiz Playlist
Details
Report
Send in Message
Add To Playlist
Classic:
Type in answers that appear in a list
Last Updated: Feb 16, 2017
Quiz Scoreboard
CHALLENGE
Sign Up to Join the Scoreboard
Show All
Scores
Hide
Comments
May contain spoilers
Recently Published
Presidents Visiting Landmarks
by Hejman
History
7m
An Introduction to Baseball
by treessimontrees
Sports
5m
Movies - When Are They Set?
by FPL_Elf
Movies
5m
More to Explore
Quiz From the Vault
Featured Blog Post
Where Did the Easter Bunny Come From?
hide this ad
You Might Also Like...
Tags
New Jersey
New Jersey Devils
Today's Top Quizzes in Sports
Browse Sports
hide this ad
Top Contributed Quizzes in Sports
1
Les meilleurs buteurs des matchs entre le PSG et l’OM
2
2022 World Cup Stars
3
FIFA Club World Cup Champions
4
Les entraîneurs de l'OM et du PSG au 21e siècle
5
Name the Premier League winners with different clubs
6
La finale Lions - Afrique du Sud 2021
7
5-to-1: UK Sports Teams
8
England Test cricketers to play under Nasser Hussain
9
Players with Multiple 50 Home Run Seasons
10
AFC Teams Reveal (Wrong Answers Minefield)
Explore More
Trending Topics
Marvel
Anime
Harry Potter
NBA
Kpop
Crossword
Disney
NFL
The Office
Song
Soccer
WWE
Puzzle
Country
Pokémon
hide this ad
More By:
Bscone1113
Quiz
Plays
Rating
Category
Featured
Created
2012-2013 New Jersey Devils
64
1.00
Sports
Aug 30, 2013
Go to Creator's Profile
Score Distribution
Quiz Creator Spotlight
Bscone1113
Follow
Send a Message
Quizzes Created
-
Created Quiz Play Count
-
More By This Creator
Popular Quizzes Today
1
Find the US States - No Outlines Minefield
2
Find the Countries of Europe - No Outlines Minefield
3
The Countries of the World
4
Find the US States
5
Popular People in 1961
6
US States
7
Risky Map Clicking: Biggest States A-Z
8
1-10 Letter E Words III
More Sports Quizzes
FIFA World Cup Winner 11s: West Germany 1954
Quiz Lab
Trending Quizzes
Risky Map Clicking: Least Populous States A-Z
1-10 Letter G Words
1-10 Letter F Words
Risky Map Clicking: Next State Alphabetically
Risky Map Clicking: Biggest States A-Z
Recently Updated
Leaping Animals
pecheneg
Reality TV Shows (A-Z)
bhenderson79
Rickey Henderson's Hall of Fame Teammates
pecheneg
Champions League XIs: Arsenal
pecheneg
Quick Pick: Celebrities in WWE's Hall of Fame
aduchscher
A-Z Keypad Blitz II
pecheneg
Multiple Oscar Actors
pecheneg
Mystery Phrase Blitz: Oscar 'Best Actors'
pecheneg
F. Scott Fitzgerald Novels
LTH
Pick 3 Villains
ddd62291
Trending Topics
Anime
NBA
Marvel
Kpop
Disney
Harry Potter
Crossword
Song
The Office
WWE
NFL
Country
Pokémon
Puzzle
Soccer
Your Account Isn't Verified!
In order to create a playlist on Sporcle, you need to verify the email address you used during registration. Go to your
Sporcle Settings
to finish the process.
Report this User
Report this user for behavior that violates our
Community Guidelines
.
Details:
Send Report
Go to the Sporcle.com Mobile Site →
Comments